00181nam a2200061Ia 4500008004100000100002400041245005400065120527s9999 xx 000 0 und d aCarbaugh, J. Robert aContemporary Economics; An Applications appproach